|
|
|
|
| LEADER |
00000cam a22000004a 4500 |
| 001 |
musev2_25652 |
| 003 |
MdBmJHUP |
| 005 |
20230905042728.0 |
| 006 |
m o d |
| 007 |
cr||||||||nn|n |
| 008 |
040625s2004 cau o 00 0 eng d |
| 010 |
|
|
|z 2021696808
|
| 020 |
|
|
|a 9780520931947
|
| 020 |
|
|
|z 9780520244825
|
| 035 |
|
|
|a (OCoLC)55742707
|
| 040 |
|
|
|a MdBmJHUP
|c MdBmJHUP
|
| 100 |
1 |
|
|a Gries, Peter Hays,
|d 1967-
|e author.
|
| 245 |
1 |
0 |
|a China's New Nationalism :
|b Pride, Politics, and Diplomacy /
|c Peter Hays Gries.
|
| 264 |
|
1 |
|a Berkeley :
|b University of California Press,
|c 2004.
|
| 264 |
|
3 |
|a Baltimore, Md. :
|b Project MUSE,
|c 2014
|
| 264 |
|
4 |
|c ©2004.
|
| 300 |
|
|
|a 1 online resource (224 pages):
|b illustrations
|
| 336 |
|
|
|a text
|b txt
|2 rdacontent
|
| 337 |
|
|
|a computer
|b c
|2 rdamedia
|
| 338 |
|
|
|a online resource
|b cr
|2 rdacarrier
|
| 490 |
0 |
|
|a Philip E. Lilienthal Books (Paperback)
|
| 505 |
0 |
|
|a Introduction: Dragon-slayers and panda-huggers -- Saving face -- Chinese identity and "the West" -- A "Century of Humiliation"-- The "Kissinger complex" -- Victors or victims? -- China's apology diplomacy -- Popular nationalism and the fate of the nation -- Chinese nationalism and U.S. China policy in the 21st century.
|
| 520 |
8 |
|
|a At a time when the direction of China's foreign and domestic policies have profound ramifications worldwide, Gries offers a rare, in-depth look at the nature of China's new nationalism particularly as it involves Sino-American and Sino-Japanese relations.
|
| 546 |
|
|
|a English.
|
| 588 |
|
|
|a Description based on print version record.
|
| 650 |
|
7 |
|a Nationalisme.
|2 rasuqam
|
| 650 |
|
7 |
|a Politique etrangere.
|2 rasuqam
|
| 650 |
|
7 |
|a Opinion publique etrangere.
|2 rasuqam
|
| 650 |
|
7 |
|a Opinion publique chinoise.
|2 rasuqam
|
| 650 |
|
7 |
|a Antiamericanisme.
|2 rasuqam
|
| 650 |
1 |
7 |
|a Publieke opinie.
|2 gtt
|
| 650 |
1 |
7 |
|a Nationalisme.
|2 gtt
|
| 650 |
|
7 |
|a Nationalismus
|2 gnd
|
| 650 |
|
7 |
|a Antiamerikanismus
|2 gnd
|
| 650 |
|
6 |
|a Opinion publique
|z Chine.
|
| 650 |
|
6 |
|a Antiamericanisme
|z Chine.
|
| 650 |
|
6 |
|a Nationalisme
|z Chine.
|
| 650 |
|
7 |
|a Public opinion, Chinese.
|2 fast
|0 (OCoLC)fst01354099
|
| 650 |
|
7 |
|a Public opinion.
|2 fast
|0 (OCoLC)fst01082785
|
| 650 |
|
7 |
|a Nationalism.
|2 fast
|0 (OCoLC)fst01033832
|
| 650 |
|
7 |
|a Anti-Americanism.
|2 fast
|0 (OCoLC)fst00810284
|
| 650 |
0 |
7 |
|a Nationalism
|z China.
|2 cct
|
| 650 |
0 |
7 |
|a Public opinion
|z China.
|2 cct
|
| 650 |
0 |
7 |
|a Anti-Americanism
|z China.
|2 cct
|
| 650 |
|
7 |
|a HISTORY
|z Asia
|x General.
|2 bisacsh
|
| 650 |
|
7 |
|a POLITICAL SCIENCE
|x Political Ideologies
|x Nationalism.
|2 bisacsh
|
| 650 |
|
0 |
|a Public opinion
|z China.
|
| 650 |
|
0 |
|a Anti-Americanism
|z China.
|
| 650 |
|
0 |
|a Nationalism
|z China.
|
| 651 |
|
7 |
|a United States
|x Foreign opinion
|z China.
|2 sears
|
| 651 |
|
7 |
|a États-Unis.
|2 rasuqam
|
| 651 |
|
7 |
|a Chine.
|2 rasuqam
|
| 651 |
|
7 |
|a China
|2 gnd
|
| 651 |
|
6 |
|a Japon
|x Opinion publique chinoise.
|
| 651 |
|
7 |
|a Japan.
|2 fast
|0 (OCoLC)fst01204082
|
| 651 |
|
7 |
|a China.
|2 fast
|0 (OCoLC)fst01206073
|
| 651 |
|
7 |
|a Japan
|x Foreign public opinion, Chinese.
|2 cct
|
| 651 |
|
0 |
|a Japan
|x Foreign public opinion, Chinese.
|
| 655 |
|
7 |
|a Electronic books.
|2 local
|
| 710 |
2 |
|
|a Project Muse.
|e distributor
|
| 830 |
|
0 |
|a Book collections on Project MUSE.
|
| 856 |
4 |
0 |
|z Texto completo
|u https://projectmuse.uam.elogim.com/book/25652/
|
| 945 |
|
|
|a Project MUSE - Custom Collection
|
| 945 |
|
|
|a Project MUSE - Archive Complete Supplement II
|
| 945 |
|
|
|a Project MUSE - Archive History Supplement II
|
| 945 |
|
|
|a Project MUSE - Archive Asian and Pacific Studies Supplement
|